Psicología y sentido del pecado / (Record no. 110098)

MARC details
000 -LEADER
campo de control de longitud fija 00519nam a2200169 4500
001 - NÚMERO DE CONTROL
campo de control 110098
003 - IDENTIFICADOR DE NÚMERO DE CONTROL
campo de control ES-MaACL
005 - FECHA Y HORA DE LA ÚLTIMA TRANSACCIÓN
campo de control 20230906184956.0
007 - CAMPO FIJO DE DESCRIPCIÓN FÍSICA--INFORMACIÓN GENERAL
campo de control de longitud fija t|
008 - DATOS DE LONGITUD FIJA--INFORMACIÓN GENERAL
campo de control de longitud fija 061121s1970 sp r ||||1| spa d
100 1# - ENTRADA PRINCIPAL--NOMBRE DE PERSONA
Nombre de persona Oraison, Marc.
9 (RLIN) 87144
245 10 - MENCIÓN DEL TÍTULO
Título Psicología y sentido del pecado /
Mención de responsabilidad, etc. Marc Oraison ; [ traducción de Enrique Molina Campos].
260 ## - PUBLICACIÓN, DISTRIBUCIÓN, ETC.
Lugar de publicación, distribución, etc. Madrid [etc.] :
Nombre del editor, distribuidor, etc. Biblograf,
Fecha de publicación, distribución, etc. 1970.
300 ## - DESCRIPCIÓN FÍSICA
Extensión 109 p. ;
Dimensiones 18 cm.
700 1# - ENTRADA AGREGADA--NOMBRE PERSONAL
Nombre de persona Molina Campos, Enrique.
9 (RLIN) 81917
852 ## - LOCALIZACIÓN
Ubicación ES-MaACL
Número de control de estantería C-44942
Sublocalización o colección R.73994
Holdings
Estatus retirado Estado de pérdida Estado de daño No para préstamo Biblioteca de origen Biblioteca actual Ubicación en estantería Fecha de adquisición Fuente de adquisición Total de préstamos Signatura topográfica completa Código de barras Visto por última vez Precio de reemplazo Tipo de ítem Koha
        Biblioteca del Ateneo de Madrid Biblioteca del Ateneo de Madrid Depósito 2 17/01/2008     C-44942 1114867 23/02/2023 23/02/2023 Libro impreso